000 03085cam a2200325 4500500
005 20251228050627.0
041 _afre
042 _adc
100 1 0 _aHergenhan, Jutta
_eauthor
700 1 0 _aEcochard, Adèle
_eauthor
700 1 0 _aDurand, Mathilde
_eauthor
245 0 0 _aLangage non sexiste et antiféminisme en Allemagne
260 _c2021.
500 _a68
520 _aDepuis le début de l’année 2018, le langage non sexiste constitue l’une des principales polémiques qui ébranlent l’opinion publique en Allemagne. Outre les arguments linguistiques, cette polémique comporte de nombreuses références aux discours antiféministes et « antigenre ». Il semblerait donc que les débats sur le langage non sexiste soient bien plus étroitement liés qu’il n’y paraît aux débats actuels sur les politiques d’égalité des sexes. Notre analyse d’une sélection des principales prises de position contre le langage non sexiste, publiées principalement dans la presse écrite libérale et conservatrice, souligne la nécessité d’approfondir davantage les liens entre ces discours et l’antiféminisme actuel.
520 _aSince the beginning of 2018, non-sexist language has been one of the main controversies in the German public opinion. In addition to linguistic arguments, this controversy involves frequent allusions to anti-feminist and “anti-gender” discourses. It thus appears that the debates on non-sexist language are much more closely related than it seems to current debates on gender equality policies. Our analysis of a selection of the main arguments against non-sexist language, published mainly in the liberal and conservative press, highlights the need to further explore the links between these discourses and contemporary antifeminism.
520 _aDesde principios de 2018, el lenguaje no sexista constituye una de las principales controversias que sacude a la opinión pública en Alemania. Además de los argumentos lingüísticos, esta polémica incluye numerosas referencias a los discursos antifeministas y « antigénero ». Pareciera entonces que los debates sobre el lenguaje no sexista están mucho más vinculados de lo que parece a los debates actuales sobre las políticas de igualdad de género. Nuestro análisis de una selección de las principales posturas contra el lenguaje no sexista, publicadas principalmente en la prensa escrita liberal y conservadora, subraya la necesidad de seguir explorando los vínculos entre estos discursos y el antifeminismo actual.
690 _aAllemagne
690 _adiscours antiféministes
690 _aLangage non sexiste
690 _amobilisations « antigenre »
690 _anouvelle droite
690 _a"anti-gender" campaigns
690 _aanti-feminist discourses
690 _aGermany
690 _anew right
690 _anon-sexist language
786 0 _nCahiers du Genre | 69 | 2 | 2021-01-18 | p. 85-107 | 1298-6046
856 4 1 _uhttps://shs.cairn.info/revue-cahiers-du-genre-2020-2-page-85?lang=fr&redirect-ssocas=7080
999 _c1580833
_d1580833